| 000 | 00605nam a2200181Ia 4500 | ||
|---|---|---|---|
| 003 | LDD | ||
| 008 | 190117s9999 xx 000 0 und d | ||
| 020 | _c₹900 | ||
| 040 | _cLDD | ||
| 041 | _ahi | ||
| 100 | _aयशपाल | ||
| 245 | 0 |
_aयशपाल की संपूर्ण कहानियाँ भाग 4 _cयशपाल |
|
| 260 |
_aइलाहाबाद _bलोकभारती _c1993 |
||
| 300 | _a4-Jan | ||
| 901 | _aVANI | ||
| 904 | _aReqst by : रीता रानी पालीवाल | ||
| 942 |
_2ddc _cH |
||
| 999 |
_c167588 _d167588 |
||